00799nam a22001695i 4500001000700000003000900007005001700016008004100033040002000074100006100094245017900155260009200334300002000426852004000446999001900486952012400505162525ES-MaACL20230906212539.0991213s1818 fr |||| | fre d aCAM bspa cCAM1 aPradt, Dominique Dufour cBaron de (d1759-1837)913134014aLes quatre concordats b: suivis de considérations sur le gouvernement de l'église en général et sur l'église de France en particulier depuis 1515 / cpar De Pradt. aParis : bF. Béchet libraire-éditeur ; aBruxelles : bLecharlier libraire, c1818. a3 v. ; c20 cm. aES-MaACLjG-10256-58 z-- Enc. hol. c162525d162525 001040708LIBXIXaATENEOMbATENEOMcSPP3d2008-01-17l0oG-10256-58p1170266r2023-02-23 00:00:00w2023-02-23yMONANT